Handbook for parallel port design / (Record no. 61111)

000 -LEADER
fixed length control field 01105cam a2200277 a 4500
001 - CONTROL NUMBER
control field 144421
003 - CONTROL NUMBER IDENTIFIER
control field NUST-PNEC
005 - DATE AND TIME OF LATEST TRANSACTION
control field 20170116180715.0
008 - FIXED-LENGTH DATA ELEMENTS--GENERAL INFORMATION
fixed length control field 981130s1999 inu 001 0 eng
010 ## - LIBRARY OF CONGRESS CONTROL NUMBER
LC control number 98068488
020 ## - INTERNATIONAL STANDARD BOOK NUMBER
International Standard Book Number 0790611775
040 ## - CATALOGING SOURCE
Transcribing agency PNEC
050 00 - LIBRARY OF CONGRESS CALL NUMBER
Classification number TK7887.5
Item number .B37 1999
082 00 - DEWEY DECIMAL CLASSIFICATION NUMBER
Classification number 004.616 BAR
Edition number 21
100 1# - MAIN ENTRY--PERSONAL NAME
Personal name Barbarello, James J.
245 10 - TITLE STATEMENT
Title Handbook for parallel port design /
Statement of responsibility, etc. James J. Barbarello.
260 ## - PUBLICATION, DISTRIBUTION, ETC.
Place of publication, distribution, etc. Indianapolis, IN :
Name of publisher, distributor, etc. Prompt Publications,
Date of publication, distribution, etc. 1999.
300 ## - PHYSICAL DESCRIPTION
Extent ix,323 p. :
Other physical details ill. ;
Dimensions 24 cm.
500 ## - GENERAL NOTE
General note http://www.amazon.com/Handbook-Parallel-Design-James-Barbarello/dp/0790611775/ref=sr_1_1?s=books&ie=UTF8&qid=1413450457&sr=1-1&keywords=0790611775
650 #0 - SUBJECT ADDED ENTRY--TOPICAL TERM
Topical term or geographic name entry element Computer interfaces.
650 #0 - SUBJECT ADDED ENTRY--TOPICAL TERM
Topical term or geographic name entry element Ports (Electronic computer system)
General subdivision MIS
650 #0 - SUBJECT ADDED ENTRY--TOPICAL TERM
Topical term or geographic name entry element Microcomputers
General subdivision Programmable peripheral interfaces.
906 ## - LOCAL DATA ELEMENT F, LDF (RLIN)
a 7
b cbc
c orignew
d 2
e opcn
f 19
g y-gencatlg
942 ## - ADDED ENTRY ELEMENTS (KOHA)
Source of classification or shelving scheme
Koha item type Book
Holdings
Withdrawn status Lost status Source of classification or shelving scheme Damaged status Not for loan Permanent Location Current Location Shelving location Date acquired Cost, normal purchase price Total Checkouts Full call number Barcode Date last seen Cost, replacement price Price effective from Koha item type
          Pakistan Navy Engineering College (PNEC) Pakistan Navy Engineering College (PNEC) Reference 03/16/2012 232.50   004.616 BAR PNECLIB-025604 10/16/2014 232.50 03/16/2012 Book
© 2023 Central Library, National University of Sciences and Technology. All Rights Reserved.